LEADER 00998nam0-22003611i-450- 001 990008018670403321 005 20050304143918.0 010 $a88-339-1472-0 035 $a000801867 035 $aFED01000801867 035 $a(Aleph)000801867FED01 035 $a000801867 100 $a20050304d2003----km-y0itay50------ba 101 0 $aita 102 $aIT 105 $a--------001cy 200 1 $aTra psiche e culture$eelementi di etnopsichiatria$fPiero Coppo 205 $a1. ed. 210 $aTorino$cBollati Boringhieri$d2003 215 $a274 p.$d22 cm 225 1 $aSaggi$iStoria, filosofia e scienze sociali 320 $aContiene bibl. (pp. 257-269) 610 0 $aEtnopsicologia 610 0 $aEtnopsichiatria 676 $a155.8$v21$zita 700 1$aCoppo,$bPiero$0456002 801 0$aIT$bUNINA$gRICA$2UNIMARC 901 $aBK 912 $a990008018670403321 952 $a155.8 COP 1$b8416$fBFS 959 $aBFS 996 $aTra psiche e culture$9167335 997 $aUNINA LEADER 01940nam 22006613u 450 001 9910141155703321 005 20210114035722.0 010 $a1-283-37953-8 010 $a9786613379535 010 $a3-527-64182-3 010 $a3-527-64184-X 035 $a(CKB)2670000000138716 035 $a(EBL)827183 035 $a(OCoLC)769343051 035 $a(SSID)ssj0000638333 035 $a(PQKBManifestationID)11408658 035 $a(PQKBTitleCode)TC0000638333 035 $a(PQKBWorkID)10714301 035 $a(PQKB)10605643 035 $a(MiAaPQ)EBC827183 035 $a(EXLCZ)992670000000138716 100 $a20131104d2011|||| u|| | 101 0 $aeng 135 $aur|n|---||||| 181 $ctxt 182 $cc 183 $acr 200 10$aMass spectrometry in polymer chemistry /$fedited by Christopher Barner-Kowollik ... [et al.]$b[electronic resource] 210 $aWeinheim $cWiley-VCH$d2011 215 $a1 online resource (483 p.) 300 $aBibliographic Level Mode of Issuance: Monograph 311 $a3-527-32924-2 606 $aBiomedical engineering 606 $aPolymers -- Spectra 606 $aPolymers$xSpectra 606 $aPolymers 606 $aMass spectrometry 606 $aChemistry$2HILCC 606 $aPhysical Sciences & Mathematics$2HILCC 606 $aAnalytical Chemistry$2HILCC 615 4$aBiomedical engineering. 615 4$aPolymers -- Spectra. 615 0$aPolymers$xSpectra 615 0$aPolymers 615 0$aMass spectrometry 615 7$aChemistry 615 7$aPhysical Sciences & Mathematics 615 7$aAnalytical Chemistry 676 $a547.7046 676 $a610.28 701 $aBarner-Kowollik$b Christopher$0881297 801 0$bAU-PeEL 801 1$bAU-PeEL 801 2$bAU-PeEL 906 $aBOOK 912 $a9910141155703321 996 $aMass spectrometry in polymer chemistry$92070022 997 $aUNINA LEADER 01902nam 2200373Ia 450 001 996393113203316 005 20210104164011.0 035 $a(CKB)2990000000000103 035 $a(EEBO)2240889607 035 $a(OCoLC)ocn318209554e 035 $a(OCoLC)318209554 035 $a(EXLCZ)992990000000000103 100 $a20090410d1655 uy 0 101 0 $aeng 135 $aurbn||||a|bb| 200 13$aAn exact abridgement of all statutes in force and use upon the 4th day of January, in the year of our Lord 1641/42$b[electronic resource] $efaithfully extracted out of the said statutes, from the beginning of Magna Carta to the said time, and alphabetically digested under apt titles : whereunto is also annexed, a perfect table, which may serve as a concordance, for the ready discovery of any materiall clause throughout the said statutes /$fby Edm. Wingate 205 $aThe second edition corrected and amended, also two other usefull tables annexed thereunto /$bby the same author. 210 $aLondon $cPrinted by R. & W. Leybourn, and are to be sold by Henry Twiford in Vine Court, Middle Temple, and Roger Wingate, at the Golden Hinde in Chancery Lane neer Lincolns Inne$dMDCLV [1655] 215 $a[6], 590, [70] p 300 $aNumerous errors in paging. 300 $aImperfect: tightly bound, stained, with print show-through and loss of text and lacks p. 105-114. 300 $aIncludes index. 300 $aReproduction of original in: Library of Congress. 330 $aeebo-0078 606 $aLaws$zEngland$vDigests$vEarly works to 1800 615 0$aLaws 701 $aWingate$b Edmund$f1596-1656.$0320199 801 0$bUMI 801 1$bUMI 801 2$bUMI 906 $aBOOK 912 $a996393113203316 996 $aAn exact abridgement of all statutes in force and use upon the 4th day of January, in the year of our Lord 1641$92369150 997 $aUNISA